| 000 | 00888nam a22002777a 4500 | ||
|---|---|---|---|
| 001 | 00580 | ||
| 003 | DO-SdBNP | ||
| 005 | 20240325131735.0 | ||
| 007 | 00580 | ||
| 008 | 160623b2008 mx 2004 || 00| 0 spa d | ||
| 020 | _a9789681907204 | ||
| 040 |
_aBPMSU _bspa _cBPMSU |
||
| 082 | 4 |
_a833.91 _bH332v 2008 _222 |
|
| 100 | 1 |
_aHärtling, Peter, _d1933- |
|
| 245 | 1 | 3 |
_aEl viejo John / _cPeter Härtling ; traducción de Carmen Barranda ; ilustraciones de Renate Habinger. |
| 260 |
_aMéxico : _bSantillana ediciones generales, _c2008 |
||
| 300 |
_a143 p. : _bil. ; _c20 cm. |
||
| 490 | 0 |
_aAlfaguara juvenil, _v93 |
|
| 534 |
_pTítulo original. _tAlter John. |
||
| 590 | _aInventariado, 2024/VM | ||
| 650 | 4 | _aCuentos infantiles alemanes. | |
| 700 | 1 |
_aBarranda, Carmen, _etr. |
|
| 700 | 1 |
_aHabinger, Renate _eil. |
|
| 910 | _aVMateo V. Control de calidad. BPMSU | ||
| 942 |
_2ddc _cBK |
||
| 999 |
_c10539 _d10539 |
||